000
00292nam a22001217a 4500
082
_a
920
_b
SHR/S
100
_a
SHREEDHARAN, PALLIYARA
245
_a
SOME GREAT MATHEMATICIANS OF THE WORLD
260
_a
CALICUT
_b
ST.JUDE BOOKS
300
_a
232
650
_a
MATHEMATICIANS
_z
CALICUT
942
_c
BK
999
_c
6755
_d
6755